Svět mikrobů. Malý mikrobiologický slovník
Salvato in:
| Autore principale: | |
|---|---|
| Natura: | Libro |
| Lingua: | ceco |
| Pubblicazione: |
Hradec Králové :
Gaudeamus,
1999
|
| Tags: |
Nessun Tag, puoi essere il primo ad aggiungerne!!
|
MARC
| LEADER | 00000nam a22000003a 4500 | ||
|---|---|---|---|
| 001 | stu54605 | ||
| 005 | 20150617225658.1 | ||
| 008 | 000711s1999----xr------------------cze-d | ||
| 020 | |a 80-7041-639-4 | ||
| 040 | |a STU |b slo | ||
| 041 | 0 | |a cze | |
| 044 | |a xr | ||
| 080 | |a 576.8 |7 stu_us_auth*stu5767 | ||
| 100 | 1 | |a Klaban, Vladimír |4 aut | |
| 245 | 1 | |a Svět mikrobů. Malý mikrobiologický slovník | |
| 260 | |a Hradec Králové : |b Gaudeamus, |c 1999 | ||
| 300 | |a 303 s. Obr.,lit | ||
| 996 | |b C96394 |c C*96394 |l CCXI |s P |a 0 |w stu54605_0001 | ||
| 996 | |b C96395 |c C*96395 |l CCXI |s P |a 0 |w stu54605_0002 | ||
| 996 | |b C96393 |c C*96393 |l CCXI |s P |a 0 |w stu54605_0003 | ||